| 000 | 00508 a2200181 4500 | ||
|---|---|---|---|
| 003 | OSt | ||
| 005 | 20260305132307.0 | ||
| 008 | 260305b |||||||| |||| 00| 0 eng d | ||
| 020 | _a9789357328401 | ||
| 040 | _coclc | ||
| 082 |
_a894.8123 _bMAN/A |
||
| 100 |
_aMangad, Ambikasuthan _96922 |
||
| 245 |
_aALLOHALAN / _cAMBIKASUTHAN MANGAD |
||
| 250 | _a5th ed | ||
| 260 |
_aKottayam: _bD C Books, _c2025. |
||
| 300 | _a384 pages | ||
| 942 |
_2ddc _cBK _h894.8123 _iMAN/A _k894.8123 _mMAN/A |
||
| 999 |
_c44616 _d44616 |
||